[Event "FRA-ch U14"]
[Site "Troyes"]
[Date "2010.04.15"]
[Round "6"]
[White "Cogan, Nicolas"]
[Black "Gautier, Clement"]
[Result "1/2-1/2"]
[WhiteElo "1680"]
[BlackElo "1875"]
[PlyCount "55"]
[EventDate "2010.04.11"]
[EventType "swiss"]
[EventRounds "9"]
[EventCountry "FRA"]
[SourceTitle "EXT 2012"]
[Source "ChessBase"]
[SourceDate "2011.11.24"]
[SourceVersion "1"]
[SourceVersionDate "2011.11.24"]
[SourceQuality "1"]

1. d4 Nf6 2. c4 e5 3. dxe5 Ne4 4. Nf3 Nc6 5. g3 Bb4+ 6. Bd2 Nxd2 7. Nbxd2 Bxd2+ 8. Qxd2 Qe7 9. Bg2 Nxe5 10. 0-0 0-0 11. Nxe5 Qxe5 12. e3 d6 13. Qd4 Qxd4 14. exd4 Be6 15. b3 c6 16. Rfe1 Rfe8 17. Re3 Bd7 18. Rae1 Kf8 19. Kf1 Rxe3 20. Rxe3 Re8 21. Rxe8+ Kxe8 22. Be4 f5 23. Bd3 Kf7 24. f4 Kf6 25. Kf2 h6 26. h4 g5 27. Ke3 g4 28. Kd2 1/2-1/2

[Event "FRA-ch U14"]
[Site "Troyes"]
[Date "2010.04.13"]
[Round "4"]
[White "Lamard, Guillaume"]
[Black "Gautier, Clement"]
[Result "1-0"]
[WhiteElo "2117"]
[BlackElo "1875"]
[PlyCount "105"]
[EventDate "2010.04.11"]
[EventType "swiss"]
[EventRounds "9"]
[EventCountry "FRA"]
[SourceTitle "EXT 2012"]
[Source "ChessBase"]
[SourceDate "2011.11.24"]
[SourceVersion "1"]
[SourceVersionDate "2011.11.24"]
[SourceQuality "1"]

1. d4 d5 2. c4 e6 3. Nf3 Nf6 4. Nc3 Be7 5. Bf4 0-0 6. e3 c6 7. c5 b6 8. b4 Nh5 9. Bd3 Nxf4 10. exf4 Nd7 11. 0-0 a5 12. a3 Bb7 13. Re1 Qc7 14. Qd2 axb4 15. axb4 bxc5 16. bxc5 Ra5 17. Nxd5 cxd5 18. Rxa5 Nb8 19. Ra3 Nc6 20. Bc2 Rb8 21. Ne5 Nxd4 22. Qxd4 Bxc5 23. Rc3 Rc8 24. Rxc5 Qxc5 25. Qxc5 Rxc5 26. Bd3 Rc3 27. Bf1 f6 28. Nf3 Kf7 29. Nd4 Bc8 30. g3 g6 31. Bh3 f5 32. Bf1 Bd7 33. Ra1 Ke7 34. Ra8 Rc7 35. Rh8 h5 36. Kg2 Rb7 37. Nf3 Kf6 38. Ne5 Ba4 39. Bd3 Rg7 40. h4 Re7 41. Rg8 Rg7 42. Rxg7 Kxg7 43. Kf3 Kf6 44. Ke3 Be8 45. Kd4 Ba4 46. Kc5 Be8 47. Bb5 Bf7 48. Nxf7 Kxf7 49. Kd6 Kf6 50. Bd7 d4 51. Bxe6 d3 52. Bb3 d2 53. Kd5 1-0

[Event "FRA-ch U14"]
[Site "Troyes"]
[Date "2010.04.12"]
[Round "2"]
[White "Salles, Louis"]
[Black "Gautier, Clement"]
[Result "1/2-1/2"]
[WhiteElo "1728"]
[BlackElo "1875"]
[PlyCount "147"]
[EventDate "2010.04.11"]
[EventType "swiss"]
[EventRounds "9"]
[EventCountry "FRA"]
[SourceTitle "EXT 2012"]
[Source "ChessBase"]
[SourceDate "2011.11.24"]
[SourceVersion "1"]
[SourceVersionDate "2011.11.24"]
[SourceQuality "1"]

1. Nc3 e5 2. Nf3 Nc6 3. d4 exd4 4. Nxd4 Bc5 5. Be3 Bb6 6. Nxc6 bxc6 7. Bxb6 cxb6 8. e4 Ne7 9. Qd6 0-0 10. Bc4 a5 11. a4 Ba6 12. Bxa6 Rxa6 13. 0-0 f5 14. Rad1 Ra7 15. e5 f4 16. e6 Nc8 17. Qd3 d5 18. Qh3 Qf6 19. Rfe1 Re7 20. Rd2 Rfe8 21. Rde2 Nd6 22. Kf1 Nf5 23. Qd3 d4 24. Nd1 Rxe6 25. Rxe6 Rxe6 26. Qb3 Kf7 27. Qxb6 Rxe1+ 28. Kxe1 Qe5+ 29. Kd2 f3 30. Qxc6 fxg2 31. Qxg2 Qf4+ 32. Ke1 Nh4 33. Qb7+ Kg6 34. Qc6+ Kh5 35. Qd5+ g5 36. Ke2 h6 37. h3 Qf6 38. Qe4 Qd6 39. Kd2 Qf6 40. Qe8+ Qg6 41. Qxg6+ Nxg6 42. Kd3 Kh4 43. Kxd4 Kxh3 44. c4 Kg2 45. Ne3+ Kf3 46. Nf5 h5 47. c5 Kf4 48. Ng3 h4 49. Nf1 Ne7 50. Nh2 g4 51. Nf1 Kf3 52. Nh2+ Kf4 53. Nf1 Kf3 54. Nh2+ Kxf2 55. Nxg4+ Kg3 56. Ne3 h3 57. Kd3 Ng6 58. Ke2 Nf4+ 59. Kd2 Nd5 60. c6 Nxe3 61. Kxe3 h2 62. c7 h1Q 63. c8Q Qe1+ 64. Kd4 Qd2+ 65. Ke4 Qe2+ 66. Kd5 Qd1+ 67. Ke5 Qe2+ 68. Kd6 Qd1+ 69. Kc7 Qxa4 70. Qg8+ Kf3 71. Qd5+ Ke3 72. Kb6 Qb4+ 73. Qb5 Kd2 74. Ka6 1/2-1/2

[Event "FRA-ch U14"]
[Site "Aix les Bains"]
[Date "2009.04.22"]
[Round "5"]
[White "Gautier, Clement"]
[Black "Barbot, Pierre"]
[Result "0-1"]
[WhiteElo "1841"]
[BlackElo "2050"]
[PlyCount "78"]
[EventDate "2009.04.19"]
[EventType "swiss"]
[EventRounds "9"]
[EventCountry "FRA"]
[SourceTitle "CBM 130 Extra"]
[Source "ChessBase"]
[SourceDate "2009.07.02"]
[SourceVersion "2"]
[SourceVersionDate "2009.07.15"]
[SourceQuality "1"]

1. e4 c5 2. Nc3 Nc6 3. g3 g6 4. Bg2 Bg7 5. d3 d6 6. Be3 e6 7. Qd2 Rb8 8. Nge2 Nd4 9. 0-0 Ne7 10. Nd1 b5 11. Nc1 b4 12. c3 bxc3 13. bxc3 Ndc6 14. d4 Ba6 15. Re1 cxd4 16. cxd4 0-0 17. Nb3 Qd7 18. Rc1 Nb4 19. Nb2 Nxa2 20. Ra1 Nb4 21. Ra4 Nd3 22. Rb1 Rxb3 23. Rxa6 Qb7 24. Ra2 Rb8 25. Rba1 Rxb2 26. Qxd3 Rxa2 27. Rxa2 Nc6 28. Rd2 a5 29. h4 Nb4 30. Qa3 Ra8 31. Rb2 Qc6 32. e5 d5 33. Bd2 Bf8 34. Qf3 Qc4 35. Be3 a4 36. Bf1 a3 37. Rb1 a2 38. Ra1 Qc3 39. Qd1 Nc2 0-1

[Event "FRA-ch U12"]
[Site "La Roche sur Yon"]
[Date "2008.04.26"]
[Round "8"]
[White "Purenne, Benoit"]
[Black "Gautier, Clement"]
[Result "1/2-1/2"]
[WhiteElo "1877"]
[BlackElo "1811"]
[PlyCount "128"]
[EventDate "2008.04.21"]
[EventType "swiss"]
[EventRounds "9"]
[EventCountry "FRA"]
[SourceTitle "EXT 2010"]
[Source "ChessBase"]
[SourceDate "2010.11.25"]
[SourceVersion "1"]
[SourceVersionDate "2010.11.25"]
[SourceQuality "1"]

1. e4 e5 2. Nf3 Nc6 3. Bb5 Nf6 4. 0-0 Nxe4 5. d4 Nd6 6. dxe5 Nxb5 7. a4 Nbd4 8. Nxd4 Nxd4 9. Qxd4 d5 10. Nc3 Be6 11. b4 Be7 12. f4 Qd7 13. Ba3 0-0 14. Rad1 c6 15. Ne4 b6 16. c4 Rfd8 17. cxd5 Qxd5 18. Nd6 Bxd6 19. exd6 Qxd4+ 20. Rxd4 Rd7 21. Rf3 Rad8 22. Rfd3 b5 23. axb5 cxb5 24. Bc1 Rc8 25. Be3 Bc4 26. Rd1 Bb3 27. R1d3 Bc4 28. Ra3 Re8 29. Kf2 h6 30. Ra6 Rb8 31. Re4 Rbd8 32. Bc5 Be6 33. Re5 Kh7 34. f5 Bc4 35. Kg3 f6 36. Re7 Rxe7 37. dxe7 Re8 38. Rxa7 Bd5 39. Rc7 Kg8 40. Kf2 Kf7 41. Bd6 h5 42. h3 Bc4 43. Bc5 Bd3 44. g4 hxg4 45. hxg4 g6 46. Ke3 Bc4 47. Bd6 g5 48. Ra7 Bf1 49. Kf3 Bc4 50. Rc7 Bd5+ 51. Ke3 Bc4 52. Rd7 Bd5 53. Bc5 Bc4 54. Rc7 Bd5 55. Bd6 Bb3 56. Kf3 Bd5+ 57. Kg3 Bb3 58. Rc1 Bd5 59. Rc2 Bb3 60. Rh2 Kg7 61. Bc5 Bc4 62. Rh5 Bf7 63. Rh2 Bc4 64. Kf3 Bd5+ 1/2-1/2

[Event "FRA-ch U10"]
[Site "Le Grand Bornand"]
[Date "2007.04.??"]
[Round "2"]
[White "Gautier, Clement"]
[Black "Paci, Nicolas"]
[Result "0-1"]
[WhiteElo "1650"]
[BlackElo "1840"]
[PlyCount "52"]
[EventDate "2007.04.07"]
[EventType "swiss"]
[EventRounds "9"]
[EventCountry "FRA"]
[SourceTitle "CBM 118 Extra"]
[Source "ChessBase"]
[SourceDate "2007.07.04"]
[SourceVersion "1"]
[SourceVersionDate "2007.07.04"]
[SourceQuality "1"]

1. e4 c5 2. Nf3 Nc6 3. d4 cxd4 4. Nxd4 Nf6 5. Nc3 e6 6. a3 a6 7. Be3 Be7 8. Nxc6 bxc6 9. Bd3 d5 10. exd5 cxd5 11. Bd4 0-0 12. 0-0 Bd6 13. Re1 Re8 14. Bxf6 Qxf6 15. Re3 Bb7 16. Rf3 Qe7 17. Rh3 f5 18. Re3 d4 19. Re2 dxc3 20. Bxf5 Qg5 21. Bh3 Qf4 22. Rxe6 Qxh2+ 23. Kf1 Bxg2+ 24. Bxg2 Rxe6 25. Bxa8 cxb2 26. Rb1 Rf6 0-1